| 000 | 00796nam a2200253 a 4500 | ||
|---|---|---|---|
| 001 | 72742 | ||
| 003 | BD-RjUL | ||
| 005 | 20211209082314.0 | ||
| 008 | 170524s1972 caua b 001 0 eng d | ||
| 020 | _a0716708221 | ||
| 035 | _a(BD-RjUL)72960 | ||
| 040 |
_aBD-RjUL _beng _cBD-RjUL |
||
| 041 | _aeng | ||
| 082 |
_223 _a571.92 _bROF 1972 |
||
| 100 | 1 |
_aRoberts, Daniel A. _q(Daniel Altman), _d1922- _9215173 |
|
| 245 | 1 | 0 |
_aFundamentals of plant pathology / _cDaniel A. Roberts, Carl W. Boothroyd |
| 260 |
_aSan Francisco : _bW. H. Freeman, _cc1972 |
||
| 300 |
_axii, 402 p : _bill ; _c24 cm |
||
| 504 | _aIncludes bibliographies and index | ||
| 650 | 0 |
_aPlant diseases _9215174 |
|
| 650 | 0 |
_aPathology _9215175 |
|
| 700 | 1 |
_aBoothroyd, Carl W. _q(Carl William), _d1915- _9215176 |
|
| 942 |
_2ddc _cBK |
||
| 999 |
_c72742 _d72742 |
||